| 000 | 00615nam a22001937a 4500 | ||
|---|---|---|---|
| 005 | 20170523160930.0 | ||
| 010 | _aENG-118359 | ||
| 020 |
_c995.00 _a9789351438700 |
||
| 035 | _aEN-101891 | ||
| 037 | _bDBAD/PUB | ||
| 082 | _a340.092 | ||
| 100 | _aThakur D.D. | ||
| 245 |
_aMy life: _cby D.D.Thakur _byear at the bar, bench and in Kashmir politics / |
||
| 260 |
_aGurgaon _bLexis Nexis _c2017 |
||
| 270 |
_a14th Floor Building N0-10,Tower-B,DLF Cyber City Phase-II _bGurgaon (Haryana) _e122002 |
||
| 300 |
_axvi,597p. _c24cm(Hb) |
||
| 500 | _aIncludes index | ||
| 942 |
_2ddc _cEN _h340.092 _mTHA |
||
| 999 |
_c140351 _d140351 |
||